Šetřme časem! Rychločtení - rychlostudium

Saved in:
Bibliographic Details
Main Author: Gruber, David
Format: Book
Language:Czech
Published: Praha Management Press 1992
Edition:1. vyd.
Subjects:
Tags: Add Tag
No Tags, Be the first to tag this record!

MARC

LEADER 00000nam a2200000 4500
001 c001449
005 20221214090713.5
020 |a 80-85603-10-1 
041 0 |a cze 
044 |a CZ 
245 1 0 |a Šetřme časem!  |b Rychločtení - rychlostudium  |c David Gruber 
250 |a 1. vyd. 
264 1 |a Praha  |b Management Press  |c 1992 
300 |a 139 s. 
610 2 0 |a vzdelávanie 
610 2 0 |a psychológia 
610 2 0 |a racionalizácia 
610 2 0 |a čas 
100 1 |a Gruber, David